000 00487nam a2200217Ia 4500
003 OSt
005 20221007082506.0
006 a|||||r|||| 00| 0
007 ta
008 221006b |||||||| |||| 00| 0 eng d
024 _a7,888
037 _cTextual
040 _aFLL
_cFLL
_beng
041 _2eng
_aeng
082 _aY:45.2, N7
245 0 _aCriminology
260 _c1977
300 _a462p
_ccm.
942 _hY:45.2, N7
_cTEXL
_2CC
999 _c1166610
_d1166610